Discurso leído ante el claustro de la Universidad Central. (Record no. 152293)

MARC details
000 -LEADER
campo de control de longitud fija 00871nam a2200193 i 4500
001 - NÚMERO DE CONTROL
campo de control 152293
003 - IDENTIFICADOR DE NÚMERO DE CONTROL
campo de control ES-MaACL
005 - FECHA Y HORA DE LA ÚLTIMA TRANSACCIÓN
campo de control 20230906204627.0
008 - DATOS DE LONGITUD FIJA--INFORMACIÓN GENERAL
campo de control de longitud fija 931025s1861 sp |||| | spa d
080 ## - NÚMERO DE LA CLASIFICACIÓN DECIMAL UNIVERSAL
Número de la Clasificación Decimal Universal 614.253
100 1# - ENTRADA PRINCIPAL--NOMBRE DE PERSONA
Nombre de persona Bofill y Nonell, Simón.
9 (RLIN) 29789
245 10 - MENCIÓN DEL TÍTULO
Título Discurso leído ante el claustro de la Universidad Central.
260 ## - PUBLICACIÓN, DISTRIBUCIÓN, ETC.
Lugar de publicación, distribución, etc. Madrid :
Nombre del editor, distribuidor, etc. [s.n.],
Fecha de publicación, distribución, etc. 1861 (
Fabricante Imp. de Don Zacarías Soler)
300 ## - DESCRIPCIÓN FÍSICA
Extensión 16 p. ;
Dimensiones 24 cm.
500 ## - NOTA GENERAL
Nota general Tesis Universidad Central.
505 8# - NOTA DE CONTENIDO CON FORMATO
Nota de contenido con formato Tema : Deberes que el médico tiene contraidos con la humanidad
650 #4 - PUNTO DE ACCESO ADICIONAL DE MATERIA--TÉRMINO DE MATERIA
Término de materia o nombre geográfico como elemento de entrada Médicos-
Subdivisión general Moral profesional.
9 (RLIN) 14942
852 4# - LOCALIZACIÓN
Ubicación ES-MaACL
Número de control de estantería T-668-F-9
Nota libre -- Enc. hol., falto de la cub. original
-- -- An. ms.: ded. de Gustavo Sáenz Díez a la Biblioteca de los Escolares Médicos
-- -- Enc. en un vol. facticio
Encuadernación -- Edic.: añadir mención de resp. "/ por Simón Bofill y Nonell"
Holdings
Estatus retirado Estado de pérdida Estado de daño No para préstamo Colección Biblioteca de origen Biblioteca actual Ubicación en estantería Fecha de adquisición Total de préstamos Signatura topográfica completa Código de barras Visto por última vez Precio de reemplazo Tipo de ítem Koha
        Colección de folletos Biblioteca del Ateneo de Madrid Biblioteca del Ateneo de Madrid Depósito folletos 17/01/2008   T-668-F-9 1159006 23/02/2023 23/02/2023 Folleto